Datum a čas kvízu
32.5
Celkem bodů
Celkový počet nahraných bodů na tomto kvízu bez doplňovacích otázek.
7.
Pořadí na kvízu
Konečné umístění týmu na tomto kvízu.
Zaznamenané odpovědi
| # | Otázka | Odpověď | Body | Výsledky |
|---|---|---|---|---|
| 1. | Tento týden samozřejmě nesmí c... | Dagmar Hájková | 0 | |
| 2. | Minulý týden se na internetu o... | vysokozdvižný vozík (ještěrku) | 0 | |
| 3. | V noci ze středy na čtvrtek by... | Jimmy Kimmel | 0 | |
| 4. | Společnost China Eastern Airli... | Buenos Aires | 1 | |
| 5. | Švédský atletický fenomén Arma... | 630 cm | 1 | |
| 6. | Ve spolupráci s Radou Evropy j... | 1C 2D 3B 4A | 1 | |
| 7. | Co znamená maďarské slovo hétf... | pondělí | 0 | |
| 8. | Jak se jmenuje autonomní oblas... | Vojvodina | 0 | |
| 9. | Která z těchto knih nebyla nap... | A | 1 | |
| 10. | Pozoruhodným jazykem je velšti... | slunéčko (beruška) | 0 |